What are generals made of? (Record no. 10715)

000 -LEADER
fixed length control field 00346 a2200133 4500
082 ## - DEWEY DECIMAL CLASSIFICATION NUMBER
Classification number 355.33041
090 ## - LOCALLY ASSIGNED LC-TYPE CALL NUMBER (OCLC); LOCAL CALL NUMBER (RLIN)
-- 6894
-- 6894
100 ## - MAIN ENTRY--PERSONAL NAME
Personal name Aubrey S. Newman
245 ## - TITLE STATEMENT
Title What are generals made of?
Statement of responsibility, etc. Aubrey S. Newman
260 ## - PUBLICATION, DISTRIBUTION, ETC.
Place of publication, distribution, etc. Novato
Name of publisher, distributor, etc. Presido Press
Date of publication, distribution, etc. 1987
300 ## - PHYSICAL DESCRIPTION
Extent vii, 314p.
Other physical details ill.:
Dimensions 27cm.
650 ## - SUBJECT ADDED ENTRY--TOPICAL TERM
Topical term or geographic name entry element Leadership
942 ## - ADDED ENTRY ELEMENTS (KOHA)
Koha item type Book
Call number prefix 355.33041 NEW
Holdings
Withdrawn status Lost status Damaged status Not for loan Permanent Location Current Location Date acquired Total Checkouts Full call number Barcode Date last seen Date last checked out Price effective from Koha item type
        Central Library (CL) Central Library (CL) 10/12/2020 1 355.33041 NEW SEECSD00425 03/05/2025 10/12/2020 11/14/2012 Book
© 2023 Central Library, National University of Sciences and Technology. All Rights Reserved.